Etudes sur l'Allemagne au XIXe siècle / (Record no. 48179)

MARC details
000 -LEADER
campo de control de longitud fija 00706nam a2200205 i 4500
001 - NÚMERO DE CONTROL
campo de control 48179
003 - IDENTIFICADOR DE NÚMERO DE CONTROL
campo de control ES-MaACL
005 - FECHA Y HORA DE LA ÚLTIMA TRANSACCIÓN
campo de control 20250829063109.0
007 - CAMPO FIJO DE DESCRIPCIÓN FÍSICA--INFORMACIÓN GENERAL
campo de control de longitud fija t|
008 - DATOS DE LONGITUD FIJA--INFORMACIÓN GENERAL
campo de control de longitud fija 950706s1861 fr |||| | fre d
100 1# - ENTRADA PRINCIPAL--NOMBRE DE PERSONA
Nombre de persona Chasles, Philarète,
Fechas asociadas al nombre 1798-1873
9 (RLIN) 38156
245 10 - MENCIÓN DEL TÍTULO
Título Etudes sur l'Allemagne au XIXe siècle /
Mención de responsabilidad, etc. par Philarète Chasles.
260 ## - PUBLICACIÓN, DISTRIBUCIÓN, ETC.
Lugar de publicación, distribución, etc. Paris :
Nombre del editor, distribuidor, etc. Amyot,
Fecha de publicación, distribución, etc. 1861 (
Lugar de fabricación/manufactura Coulommiers :
Fabricante imprimerie de A. Moussin)
300 ## - DESCRIPCIÓN FÍSICA
Extensión XVI, 428 p. ;
Dimensiones 19 cm.
650 #4 - PUNTO DE ACCESO ADICIONAL DE MATERIA--TÉRMINO DE MATERIA
Término de materia o nombre geográfico como elemento de entrada Literatura alemana-
Subdivisión cronológica S.XIX-
Subdivisión general Historia y crítica.
9 (RLIN) 156831
651 #4 - PUNTO DE ACCESO ADICIONAL DE MATERIA--NOMBRE GEOGRÁFICO
Nombre geográfico Alemania-
Subdivisión general Historia-
Subdivisión cronológica S. XIX.
9 (RLIN) 7665
651 #4 - PUNTO DE ACCESO ADICIONAL DE MATERIA--NOMBRE GEOGRÁFICO
Nombre geográfico Alemania-
Subdivisión general Usos y costumbres.
9 (RLIN) 158443
852 ## - LOCALIZACIÓN
Ubicación ES-MaACL
Número de control de estantería C-688
Holdings
Estatus retirado Estado de pérdida Estado de daño No para préstamo Colección Biblioteca de origen Biblioteca actual Ubicación en estantería Fecha de adquisición Fuente de adquisición Total de préstamos Signatura topográfica completa Código de barras Visto por última vez Precio de reemplazo Tipo de ítem Koha
        Libros del s. XIX Biblioteca del Ateneo de Madrid Biblioteca del Ateneo de Madrid Sala Palomar 17/01/2008     C-688 1050705 23/02/2023 23/02/2023 Libro impreso antiguo